000 004440000a22001810004500
003 MACL
005 20150912174156.0
008 150912b xxu||||| |||| 00| 0 eng d
040 _aMACL
_cMACL
041 _aEnglish
082 _a823/GAH
100 _aGandhi, Gopal
_910393
245 _aSaranam
_bA Novel of Refuge
260 _bAffiliated East-West Press
_c1987
_aMadras
350 _a40
650 _aFicition
_910603
942 _cBK
_k823
_2ddc
999 _c6439
_d6439